000 00488nam a2200193Ia 4500
005 20240823050811.0
008 240823s9999||||xx |||||||||||||| ||und||
020 _a978-0-19-567015-8
041 _aENGLISH
082 _A371.12 P9
100 _aDiane Larsen Freeman
245 0 _aTechniques and Principles in Language Teaching
250 _a2nd
260 _c2009
_bOxford University
_aNew Delhi
500 _aYES
650 _aGeneral
_bGeneral
942 _cBK
999 _c218083
_d218083